书目信息 |
| 题名: |
伊朗通史
|
|
| 作者: | 阿宝斯·艾克巴尔 | |
| 分册: | 下 | |
| 出版信息: | 北京 经济出版社 1997 |
|
| 页数: | 481 | |
| 开本: | 20cm | |
| 丛书名: | 东方文化集成 | |
| 单 册: | ||
| 中图分类: | K373 | |
| 科图分类: | ||
| 主题词: | 西亚--历史 | |
| 电子资源: | ||
| ISBN: | 7-80127-307-9 | |
| 000 | 00590nam0 2200205 450 | |
| 001 | 0757995392 | |
| 005 | 20071007160635.39 | |
| 010 | @a7-80127-307-9@d68 | |
| 100 | @a20071007d km y0chiy0120 ea | |
| 101 | 0 | @achi |
| 200 | 1 | @a伊朗通史@Ayi lang tong shi@h下@f阿宝斯·艾克巴尔等@Fa bao si·ai ke ba er deng |
| 210 | @a北京@c经济出版社@d1997 | |
| 215 | @a481@d20cm | |
| 225 | 2 | @a东方文化集成 |
| 410 | 0 | @12001 @a东方文化集成 |
| 606 | 0 | @a西亚@x历史 |
| 690 | @aK373@v3 | |
| 701 | 0 | @a阿宝斯·艾克巴尔@Aa bao si·ai ke ba er |
| 801 | 0 | @aCN@bPFT@c20071007 |
| 905 | @a213230@dK373@ea1:2@f1 | |
| 伊朗通史.下/阿宝斯·艾克巴尔等.-北京:经济出版社,1997 |
| 481;20cm.-(东方文化集成) |
| ISBN 7-80127-307-9:68 |
| ● |
| 相关链接 |
|
|
|
|
正题名:伊朗通史
索取号:K373/a1:2
 
预约/预借
| 序号 | 登录号 | 条形码 | 馆藏地/架位号 | 状态 | 备注 |
| 1 | 7508740 | 275087406 | 史法系资料室/ [索取号:K373/a1:2] | 在馆 |